000 00500cam a2200181ua 4500
020 _a0-8039-3951-5
_cRs 359.00
041 _aeng
_h
082 _a519.5
_bGIB/NO
100 _aGibbons, Jean Dickinson .
245 _aNonparametric statistics : An introduction /
_cJean Dickinson Gibbons.
_hTextual Documents
250 _a1 /
_b.
260 _aNew Delhi :
_bSage Publications ,
_c1993.
300 _a87 ; .
365 _aRs 359.00
504 _a
942 _cBK
999 _c1958
_d1958